[Event "PRO League Central 2017"]
[Site "chess.com INT"]
[Date "2017.01.18"]
[Round "2"]
[White "Souleidis, Georgios"]
[Black "Maze, Sebastien"]
[Result "1-0"]
[WhiteTitle "IM"]
[BlackTitle "GM"]
[WhiteElo "2401"]
[BlackElo "2613"]
[WhiteTeam "Hamburg Swashbucklers"]
[BlackTeam "Dublin Desperados"]
[WhiteFideId "4206827"]
[BlackFideId "613762"]
[EventDate "2017.01.11"]

1. e4 c5 2. Be2 Nc6 3. f4 g6 4. Nf3 Bg7 5. d3 d6 6. O-O b5 7. a3 Rb8 8. c3 Nf6
9. Kh1 O-O 10. Be3 a5 11. Nbd2 b4 12. d4 d5 13. e5 Ng4 14. Bg1 c4 15. h3 Nh6 16.
axb4 axb4 17. g4 f5 18. g5 Nf7 19. cxb4 Nxb4 20. Qc1 Qb6 21. b3 Nd3 22. Bxd3
cxd3 23. Qc5 e6 24. Rfc1 Ba6 25. Qa5 Qxa5 26. Rxa5 Rb6 27. Rca1 Bb5 28. Ra7 Rfb8
29. Rc7 Ba6 30. Kg2 Bf8 31. Kf2 Nd8 32. Rac1 Bb5 33. Ke3 Nc6 34. Ne1 Nb4 35. Rc8
Kf7 36. Rxb8 Rxb8 37. Rc7+ Be7 38. Nb1 Ra8 39. Nc3 Ra1 40. Bf2 Ba6 41. Nf3 Ke8
42. Nd2 Rh1 43. Kf3 Ra1 44. Ndb1 Kd8 45. Ra7 Nc6 46. Ra8+ Kd7 47. Rh8 Na5 48.
Rxh7 Nxb3 49. Be3 Ke8 50. h4 Bb4 51. h5 gxh5 52. g6 Kf8 53. Rf7+ Kg8 54. Kg3
Bxc3 55. Nxc3 d2 56. Kh4 d1=Q 57. Nxd1 Rxd1 58. Kg5 Rd3 59. Kf6 Rxe3 60. g7 1-0

[Event "PRO League Central 2017"]
[Site "chess.com INT"]
[Date "2017.01.18"]
[Round "2"]
[White "Souleidis, Georgios"]
[Black "Jessel, Stephen"]
[Result "1/2-1/2"]
[WhiteTitle "IM"]
[BlackTitle "FM"]
[WhiteElo "2401"]
[BlackElo "2382"]
[WhiteTeam "Hamburg Swashbucklers"]
[BlackTeam "Dublin Desperados"]
[WhiteFideId "4206827"]
[BlackFideId "628859"]
[EventDate "2017.01.11"]

1. e4 e6 2. d4 d5 3. Bd3 c5 4. exd5 exd5 5. Nf3 Nc6 6. O-O cxd4 7. Re1+ Be7 8.
Bg5 Be6 9. Bxe7 Ngxe7 10. Nbd2 h6 11. Nb3 Bg4 12. h3 Bxf3 13. Qxf3 O-O 14. Qf4
Ng6 15. Qf5 Qd6 16. Re2 a5 17. Qg4 Nf4 18. Rd2 a4 19. Nc1 Rfe8 20. Rd1 Re5 21.
Bf1 Rg5 22. Qf3 a3 23. b3 Qf6 24. Nd3 Nh5 25. Qxf6 Nxf6 26. f3 Nh5 27. h4 Rg6
28. Nc5 b6 29. Nd3 Ng3 30. b4 Nxf1 31. Kxf1 Ra4 32. Rab1 Rd6 33. b5 Na5 34. Nb4
Nc4 35. Rxd4 Rxb4 36. Rxb4 Ne3+ 37. Ke2 Nxc2 38. Kd3 Nxb4+ 39. Rxb4 h5 40. Rb3
Rg6 41. Rxa3 Rxg2 42. Ra6 g5 43. hxg5 h4 44. Rxb6 Rxa2 45. Rh6 Rb2 46. b6 h3 47.
Kd4 h2 48. Kxd5 Rxb6 49. Rxh2 Rb5+ 50. Ke4 Rxg5 51. Kf4 Rg1 52. Rh4 1/2-1/2

[Event "PRO League Central 2017"]
[Site "chess.com INT"]
[Date "2017.01.18"]
[Round "2"]
[White "Cornette, Matthieu"]
[Black "Gozzoli, Yannick"]
[Result "0-1"]
[WhiteTitle "GM"]
[BlackTitle "GM"]
[WhiteElo "2586"]
[BlackElo "2583"]
[WhiteTeam "Cannes Blockbusters"]
[BlackTeam "Marseille Migraines"]
[WhiteFideId "620084"]
[BlackFideId "616915"]
[EventDate "2017.01.11"]

1. d4 Nf6 2. Bf4 d5 3. e3 c5 4. Nf3 Nc6 5. Nbd2 g6 6. Bb5 Bg7 7. O-O O-O 8. h3
Qb6 9. Bxc6 bxc6 10. Nb3 Nd7 11. Rb1 a5 12. Ne5 Nxe5 13. Bxe5 Bxe5 14. dxe5 Ba6
15. Re1 Rad8 16. Qg4 d4 17. exd4 cxd4 18. Qh4 d3 19. cxd3 Bxd3 20. Rbc1 Rfe8 21.
Qa4 Bb5 22. Qxa5 Qxa5 23. Nxa5 Rd2 24. Nxc6 Rxb2 25. Nd4 Ba4 26. Re2 Reb8 27.
Rc8+ Rxc8 28. Rxb2 Rc4 29. Ne2 Re4 30. Nc3 Re1+ 31. Kh2 Bd7 32. Re2 Rc1 33. Re3
Be6 34. a3 g5 35. Kg3 Kg7 36. Ne2 Rc4 37. f3 h5 38. Rc3 Ra4 39. Kf2 h4 40. Nc1
Kg6 41. Ne2 Kf5 42. Re3 Kg6 43. g4 hxg3+ 44. Kxg3 Rh4 45. Ng1 Kf5 46. Kf2 Kg6
47. Kg2 Kf5 48. Kg3 Kg6 49. Re4 Rh8 50. a4 Bd5 51. Rd4 e6 52. f4 gxf4+ 53. Rxf4
Rh5 54. Rg4+ Kf5 55. Rg7 Kxe5 56. Rxf7 Rg5+ 57. Kf2 Rg2+ 58. Kf1 Ra2 59. Nf3+
Ke4 60. Kg1 Ke3 61. Ne1 Ra1 62. Rf1 Ke2 63. Rf2+ Ke3 64. Rf1 Ra2 65. a5 e5 66.
a6 Rxa6 67. Ng2+ Kd4 68. Kh2 Ra2 69. Rg1 e4 70. Kg3 Ra3+ 71. Kf4 Rf3+ 72. Kg5
Ke5 73. h4 Rg3+ 74. Kh6 e3 75. h5 Rxg2 76. Re1 e2 77. Kh7 Kf4 78. h6 Ke3 79. Kh8
Rh2 80. h7 Be4 81. Kg7 Rxh7+ 82. Kf6 Kd2 0-1

[Event "PRO League Central 2017"]
[Site "chess.com INT"]
[Date "2017.01.18"]
[Round "2"]
[White "Warmerdam, Max"]
[Black "Admiraal, Miguoel"]
[Result "1-0"]
[WhiteTitle "FM"]
[BlackTitle "IM"]
[WhiteElo "2350"]
[BlackElo "2441"]
[WhiteTeam "Apeldoorn Apes"]
[BlackTeam "Amsterdam Mosquitos"]
[WhiteFideId "1048104"]
[BlackFideId "1019716"]
[EventDate "2017.01.11"]

1. e4 d5 2. exd5 Qxd5 3. Nc3 Qd8 4. d4 Nf6 5. Nf3 g6 6. h3 Bg7 7. Bc4 O-O 8. O-O
a6 9. a4 Nc6 10. Re1 b6 11. Bg5 Bb7 12. Bb3 h6 13. Bh4 Qd6 14. Bg3 Qd8 15. Qd3
e6 16. Rad1 Nb4 17. Qe2 Nbd5 18. Nxd5 Bxd5 19. c4 Bb7 20. Ne5 Qe7 21. d5 exd5
22. cxd5 Qb4 23. Qc2 Rad8 24. Nd3 Qa5 25. Bxc7 Rc8 26. d6 Nd7 27. Nf4 Qg5 28. g3
Ne5 29. Bd5 Bxd5 30. Rxd5 Nf3+ 31. Kf1 Nxe1 32. Kxe1 Rce8+ 33. Kf1 Re5 34. Rxe5
Bxe5 35. d7 Bxc7 36. Qxc7 Rd8 37. h4 Qe7 38. Nd5 Qf8 39. Nf6+ Kg7 40. Qe5 Qc5
41. Nd5+ Kh7 42. b4 Qc1+ 43. Kg2 Qd2 44. Nf6+ 1-0

[Event "PRO League Central 2017"]
[Site "chess.com INT"]
[Date "2017.01.18"]
[Round "2"]
[White "Warmerdam, Max"]
[Black "Ducarmon, Quinten"]
[Result "0-1"]
[WhiteTitle "FM"]
[BlackTitle "IM"]
[WhiteElo "2350"]
[BlackElo "2468"]
[WhiteTeam "Apeldoorn Apes"]
[BlackTeam "Amsterdam Mosquitos"]
[WhiteFideId "1048104"]
[BlackFideId "1025007"]
[EventDate "2017.01.11"]

1. e4 c6 2. d4 d5 3. e5 Bf5 4. Nf3 e6 5. Be2 Nd7 6. O-O h6 7. Nbd2 Qc7 8. c4
dxc4 9. Nxc4 Nb6 10. Na5 Ne7 11. Qb3 Ned5 12. Bd2 Be7 13. Rfc1 O-O 14. Ne1 f6
15. exf6 Bxf6 16. Nf3 Be4 17. Re1 Rae8 18. h3 Nf4 19. Bxf4 Qxf4 20. Qe3 Qxe3 21.
fxe3 Re7 22. Nd2 Bg6 23. Bf3 e5 24. Ndb3 Rfe8 25. Rec1 Bg5 26. Rc3 Na4 27. Rc4
Bxe3+ 28. Kh1 Nb6 29. Rb4 exd4 30. Nc5 Bd2 31. Rxd4 Bxa5 32. b4 Nd7 33. Nxd7
Bxb4 34. Rxb4 Rxd7 35. a4 Kh7 36. a5 a6 37. Ra2 Re5 38. Rb6 Rb5 39. Rxb5 cxb5
40. Re2 Bd3 41. Re6 b4 42. Rb6 Bb5 43. Bxb7 Rxb7 44. Rxb7 b3 45. Rd7 Bxd7 0-1

[Event "PRO League Central 2017"]
[Site "chess.com INT"]
[Date "2017.01.18"]
[Round "2"]
[White "Johannesson, Ingvar Thor"]
[Black "Blomqvist, Erik"]
[Result "0-1"]
[WhiteTitle "FM"]
[BlackTitle "GM"]
[WhiteElo "2377"]
[BlackElo "2574"]
[WhiteTeam "Reykjavik Puffins"]
[BlackTeam "Stockholm Snowballs"]
[WhiteFideId "2301490"]
[BlackFideId "1709437"]
[EventDate "2017.01.11"]

1. d4 d5 2. Bf4 Nf6 3. e3 e6 4. Nd2 Bd6 5. Bg3 b6 6. Ngf3 Bb7 7. Ne5 O-O 8. Bd3
Ne4 9. f4 f6 10. Ng4 c5 11. Nxe4 dxe4 12. Bc4 Bd5 13. Bxd5 exd5 14. dxc5 Bxc5
15. Qd2 Nc6 16. O-O-O Ne7 17. h3 Qc8 18. Kb1 Rd8 19. Bf2 a5 20. Nh2 b5 21. g4 b4
22. Nf1 a4 23. Ng3 Qa6 24. Ne2 Nc6 25. Nc1 b3 26. a3 Na5 27. g5 Nc4 28. Qc3
bxc2+ 29. Kxc2 Rab8 0-1

[Event "PRO League Central 2017"]
[Site "chess.com INT"]
[Date "2017.01.25"]
[Round "3"]
[White "Feuerstack, Aljoscha"]
[Black "Zwirs, Nico"]
[Result "1/2-1/2"]
[WhiteTitle "IM"]
[WhiteElo "2449"]
[BlackElo "2395"]
[WhiteTeam "Hamburg Swashbucklers"]
[BlackTeam "Apeldoorn Apes"]
[WhiteFideId "4681932"]
[BlackFideId "1036432"]
[EventDate "2017.01.11"]

1. e4 c5 2. c3 d5 3. exd5 Qxd5 4. d4 g6 5. Nf3 Bg7 6. Nbd2 cxd4 7. Bc4 Qd8 8.
Nxd4 Nf6 9. O-O O-O 10. Re1 a6 11. Bb3 Bd7 12. Nc4 Nc6 13. Nxc6 Bxc6 14. Qxd8
Rfxd8 15. Rxe7 Nd5 16. Re1 a5 17. Bg5 f6 18. Nb6 Ra6 19. Be3 a4 20. Bxd5+ Rxd5
21. Nxd5 Bxd5 22. Rad1 Ra5 23. Bb6 Rb5 24. c4 Bxc4 25. Rd8+ Bf8 26. Bd4 Rd5 27.
Ree8 Rxd8 28. Rxd8 Kf7 29. Rd7+ Ke6 30. Rxb7 Bxa2 31. Rb6+ Kd5 32. Bxf6 h5 33.
Bc3 Bb1 34. Kf1 Bc5 35. Rb8 Bf5 36. h3 Kc4 37. Ra8 Bd3+ 38. Kg1 Kb3 39. Be5 Bf5
40. Ra6 Kb4 41. g4 hxg4 42. hxg4 Bc2 43. Ra8 Bd1 44. Rb8+ Kc4 45. Rc8 Bxg4 46.
Rc6 Kd5 47. Rc7 Bb6 48. Rb7 Bc5 49. Bf6 a3 50. bxa3 Bxa3 51. Be7 Bxe7 52. Rxe7
Kd6 53. Re3 Be6 54. Kh2 Ke7 55. Kg3 Kf6 56. Kf4 g5+ 57. Ke4 Bf5+ 58. Kd5 Bg4 59.
Ke4 Bf5+ 60. Kf3 Bd7 61. Rc3 Be6 62. Rc5 Bf5 63. Ke3 Bg4 64. Ke4 Bd7 65. f3 Bh3
66. Rc6+ Kg7 67. Ke5 Bg2 68. Rf6 Bh1 69. Rf5 Kg6 70. Rf8 Kg7 71. Rf6 Bg2 72. Rf5
Kg6 73. Rf8 Kg7 74. Rf6 Bh1 75. Kf5 Bxf3 76. Kxg5 Bd5 77. Rb6 Kh8 78. Kf6 Bg8
79. Rb4 Bh7 80. Rh4 Kg8 81. Rg4+ Kh8 82. Kf7 Bb1 83. Rh4+ Bh7 84. Rg4 Bb1 85.
Rg8+ Kh7 86. Ra8 Kh6 87. Kf6 Kh7 88. Ra7+ Kh8 89. Kf7 Kh7 90. Ra1 Be4 91. Ra4
Bg6+ 92. Kf6 Bb1 93. Ra5 Bc2 94. Ra7+ Kh8 95. Rd7 Bb3 96. Rc7 Ba2 97. Ra7 Bb1
98. Rb7 Ba2 99. Rc7 Bb3 100. Kg6 Ba2 101. Rh7+ Kg8 102. Rb7 Kh8 103. Rb8+ Bg8
104. Kh6 1/2-1/2

[Event "PRO League Central 2017"]
[Site "chess.com INT"]
[Date "2017.01.25"]
[Round "3"]
[White "Feuerstack, Aljoscha"]
[Black "Kevlishvili, Robby"]
[Result "0-1"]
[WhiteTitle "IM"]
[BlackTitle "IM"]
[WhiteElo "2449"]
[BlackElo "2417"]
[WhiteTeam "Hamburg Swashbucklers"]
[BlackTeam "Apeldoorn Apes"]
[WhiteFideId "4681932"]
[BlackFideId "1040634"]
[EventDate "2017.01.11"]

1. e4 c5 2. c3 d5 3. exd5 Qxd5 4. d4 g6 5. Nf3 Bg7 6. Nbd2 cxd4 7. Bc4 Qd8 8.
Nxd4 Nf6 9. O-O O-O 10. Re1 Bd7 11. Qb3 Nc6 12. Qxb7 Nxd4 13. cxd4 e6 14. Bb3 a5
15. Qf3 Rc8 16. Ne4 Nxe4 17. Qxe4 Bc6 18. d5 exd5 19. Qf4 a4 20. Bxa4 Bxa4 21.
Qxa4 Rc4 22. Qb5 Qd6 23. Bg5 Rb4 24. Qd3 Rxb2 25. a4 Ra8 26. a5 h6 27. Be7 Qf4
28. Qxd5 Qxf2+ 29. Kh1 Rxa5 30. Qc6 Re2 31. Bb4 Rxa1 0-1

[Event "PRO League Central 2017"]
[Site "chess.com INT"]
[Date "2017.01.25"]
[Round "3"]
[White "Ghasi, Ameet K"]
[Black "Balogun, Oluwafemi"]
[Result "1-0"]
[WhiteTitle "IM"]
[BlackTitle "FM"]
[WhiteElo "2455"]
[BlackElo "2222"]
[WhiteTeam "London Towers"]
[BlackTeam "Lagos Leatherbacks"]
[WhiteFideId "409200"]
[BlackFideId "8501246"]
[EventDate "2017.01.11"]

1. Nf3 Nf6 2. d4 g6 3. Bf4 Bg7 4. c3 O-O 5. h3 d6 6. e3 Nbd7 7. Nbd2 b6 8. Bc4
Bb7 9. a4 a5 10. O-O Qe8 11. Bb5 e6 12. Bh2 Qe7 13. b4 e5 14. Qb3 Kh8 15. Rfd1
Bd5 16. Bc4 Bc6 17. Bf1 Ng8 18. Qc4 Nb8 19. Qb3 e4 20. Ne1 f5 21. Bb5 Bb7 22.
Nc4 g5 23. Nd2 f4 24. bxa5 Rxa5 25. Qc2 d5 26. Be2 f3 27. gxf3 exf3 28. Bxf3 Bc8
29. Bg2 g4 30. hxg4 Bxg4 31. Nd3 Bxd1 32. Rxd1 Nf6 33. Ne5 Qe8 34. c4 c5 35. Nb3
Rxa4 36. cxd5 c4 37. Nxc4 Ng4 38. Bg3 Rb4 39. Nbd2 b5 40. Nd6 Qh5 41. N2e4 Nd7
42. Qe2 Qg6 43. Bh3 Ndf6 44. Nxf6 Nxf6 45. Bf5 Qg5 46. Kg2 Nxd5 47. Qf3 Ne7 48.
e4 Rxd4 49. Rxd4 Bxd4 50. Kh3 Nxf5 51. Nxf5 Bf6 52. Qa3 Rg8 53. Nd6 Qg4+ 54. Kg2
Be5 55. Nf7+ Kg7 56. Nxe5 Qxe4+ 57. Kh2 Kf6 58. Qd6+ Kf5 59. Qd7+ Kf6 60. Qf7+
Kg5 61. Qxg8+ Kh5 62. Qf7+ Kh6 63. Bf4+ 1-0

[Event "PRO League Central 2017"]
[Site "chess.com INT"]
[Date "2017.01.25"]
[Round "3"]
[White "Astaneh Lopez, Alex"]
[Black "Kazhgaleyev, Murtas"]
[Result "1-0"]
[WhiteTitle "IM"]
[BlackTitle "GM"]
[WhiteElo "2417"]
[BlackElo "2594"]
[WhiteTeam "Dublin Desperados"]
[BlackTeam "Cannes Blockbusters"]
[WhiteFideId "2501430"]
[BlackFideId "13700316"]
[EventDate "2017.01.11"]

1. e4 e5 2. Nf3 d6 3. d4 exd4 4. Nxd4 Nf6 5. Nc3 Be7 6. g3 O-O 7. Bg2 Nc6 8.
Nxc6 bxc6 9. O-O Bg4 10. Qd4 Nd7 11. Qa4 Nb6 12. Qa6 Bf6 13. h3 Be6 14. Rd1 Re8
15. Bf4 Qc8 16. Qxc8 Raxc8 17. Rd3 Nc4 18. b3 Ne5 19. Bxe5 Bxe5 20. Rad1 g5 21.
Ne2 Bg7 22. Nd4 c5 23. Nf5 Bxf5 24. exf5 Re2 25. R3d2 Rce8 26. Bf3 R2e7 27. Kf1
Bd4 28. Bc6 Rd8 29. Rd3 Kg7 30. c3 Bf6 31. b4 Re5 32. g4 cxb4 33. cxb4 Rb8 34.
b5 Rbxb5 35. Bxb5 Rxb5 36. Ra3 a5 37. Rc1 Rb7 38. Rxa5 c5 39. Rc2 Bd4 40. Ra6
Be5 41. a4 Rb4 42. Ra2 Kf6 43. Rc6 Ke7 44. Rc7+ Kd8 45. Rxf7 c4 46. a5 c3 47. a6
Rb2 48. Rxb2 cxb2 49. Rb7 Kc8 50. Ke2 d5 51. Kd3 1-0

[Event "PRO League Central 2017"]
[Site "chess.com INT"]
[Date "2017.01.25"]
[Round "3"]
[White "Astaneh Lopez, Alex"]
[Black "Villegas, Pierre"]
[Result "1/2-1/2"]
[WhiteTitle "IM"]
[BlackTitle "FM"]
[WhiteElo "2417"]
[BlackElo "2363"]
[WhiteTeam "Dublin Desperados"]
[BlackTeam "Cannes Blockbusters"]
[WhiteFideId "2501430"]
[BlackFideId "654183"]
[EventDate "2017.01.11"]

1. Nf3 d5 2. d4 Nf6 3. c4 e6 4. Nc3 dxc4 5. e3 a6 6. Bxc4 b5 7. Be2 Bb7 8. O-O
Nbd7 9. a3 c5 10. dxc5 Bxc5 11. b4 Be7 12. Bb2 O-O 13. Qb3 Qb6 14. Rfd1 Rfd8 15.
Rab1 Rac8 16. a4 Nd5 17. axb5 Nxc3 18. Bxc3 axb5 19. Bd4 Qc6 20. Qb2 Nf6 21. Bf1
Qe8 22. Ne5 Be4 23. Rbc1 Bf8 24. f3 Bb7 25. Nd3 Nd7 26. Ra1 Bd5 27. Qf2 Bc4 28.
Qg3 f6 29. f4 Qg6 30. Ra7 Qxg3 31. hxg3 Nb8 32. Bb6 Nc6 33. Rb7 Rb8 34. Bxd8
Rxb7 35. Nc5 Bxc5 36. bxc5 Bxf1 37. Kxf1 Nxd8 38. Rxd8+ Kf7 39. c6 Rc7 40. Rb8
Rxc6 41. Rxb5 Rc7 1/2-1/2

[Event "PRO League Central 2017"]
[Site "chess.com INT"]
[Date "2017.01.25"]
[Round "3"]
[White "Bacrot, Etienne"]
[Black "Klein, David"]
[Result "1-0"]
[WhiteTitle "GM"]
[BlackTitle "GM"]
[WhiteElo "2695"]
[BlackElo "2509"]
[WhiteTeam "Marseille Migraines"]
[BlackTeam "Amsterdam Mosquitos"]
[WhiteFideId "605506"]
[BlackFideId "1003623"]
[EventDate "2017.01.11"]

1. d4 f5 2. Nf3 Nf6 3. g3 g6 4. Bg2 Bg7 5. O-O O-O 6. c4 d6 7. Nc3 c6 8. Qb3 Kh8
9. Rd1 Na6 10. Qa3 Nc7 11. d5 Bd7 12. Be3 c5 13. b4 cxb4 14. Qxb4 b6 15. a4 Na6
16. Qa3 Nc5 17. a5 bxa5 18. Bxc5 dxc5 19. Ne5 Ne8 20. Nxd7 Qxd7 21. Na4 Bxa1 22.
Qxa1+ Nf6 23. Nxc5 Qc7 24. Ne6 Qxc4 25. Rc1 Qb4 26. Rb1 Qd2 27. Nxf8 Rxf8 28.
Qe5 Rf7 29. Bf3 a4 30. Rb7 Qc1+ 31. Kg2 Qc5 32. Rc7 Qb4 33. Rxa7 Kg7 34. h4 a3
35. Ra8 Qb2 36. Qxb2 axb2 37. Rb8 Rf8 38. Rxb2 Rd8 39. Rb5 Ne8 40. Rb7 Kf6 41.
e4 fxe4 42. Bxe4 Nd6 43. Rb6 h6 44. Bf3 Ra8 45. Rb2 Ra7 46. Re2 Kf7 47. Re6 Rc7
48. h5 Nf5 49. Rxg6 Rc3 50. Bg4 Nd4 51. Be6+ Nxe6 52. dxe6+ Kf8 53. Rxh6 Rc5 54.
g4 Rc4 55. Rg6 Rc5 56. h6 1-0

[Event "PRO League Central 2017"]
[Site "chess.com INT"]
[Date "2017.01.25"]
[Round "3"]
[White "Bacrot, Etienne"]
[Black "Admiraal, Miguoel"]
[Result "1/2-1/2"]
[WhiteTitle "GM"]
[BlackTitle "IM"]
[WhiteElo "2695"]
[BlackElo "2441"]
[WhiteTeam "Marseille Migraines"]
[BlackTeam "Amsterdam Mosquitos"]
[WhiteFideId "605506"]
[BlackFideId "1019716"]
[EventDate "2017.01.11"]

1. Nf3 d5 2. c4 e6 3. g3 dxc4 4. Bg2 a6 5. a4 Nc6 6. O-O e5 7. Na3 e4 8. Ne1 Nf6
9. Nxc4 h5 10. h4 Bc5 11. d3 Be6 12. Be3 Nd4 13. Nd2 Bg4 14. Bxd4 Bxd4 15. Nxe4
Nxe4 16. Bxe4 g5 17. Ng2 gxh4 18. Nxh4 Bf6 19. f3 Qd6 20. Kf2 Bh3 21. Rh1 Qb6+
22. e3 O-O-O 23. Qc2 Be6 24. a5 Qb5 25. d4 Rhg8 26. Nf5 Rg5 27. Rac1 c6 28. Nh4
Rdg8 29. Rcg1 Qxa5 30. f4 Rg4 31. Bf5 Kb8 32. Bxg4 Bxg4 33. Nf3 Qd5 34. Nd2 Re8
35. Qc5 Qa2 36. Rb1 Ka8 37. Qc4 Qa5 38. Nb3 Qb6 39. Nc5 Qc7 40. Ra1 Qe7 41.
Rxa6+ bxa6 42. Qxa6+ Kb8 43. Qb6+ Kc8 44. Qxc6+ Kb8 45. Qb5+ Kc8 46. Qc6+ Kb8
47. Re1 Bxd4 48. Qb5+ Kc8 49. Qa6+ Kb8 50. Qb6+ Kc8 51. Qc6+ Kb8 52. Qb5+ Kc8
53. Qa6+ Kb8 54. Qb6+ Kc8 55. Qc6+ Kb8 56. Qb6+ Kc8 1/2-1/2

[Event "PRO League Central 2017"]
[Site "chess.com INT"]
[Date "2017.01.25"]
[Round "3"]
[White "Bacrot, Alexandre"]
[Black "Klein, David"]
[Result "0-1"]
[BlackTitle "GM"]
[WhiteElo "2099"]
[BlackElo "2509"]
[WhiteTeam "Marseille Migraines"]
[BlackTeam "Amsterdam Mosquitos"]
[WhiteFideId "26076837"]
[BlackFideId "1003623"]
[EventDate "2017.01.11"]

1. e4 Nf6 2. e5 Ng8 3. Nf3 d6 4. d4 Bf5 5. Nc3 e6 6. Be3 Ne7 7. Be2 h6 8. exd6
cxd6 9. O-O d5 10. Ne5 Nbc6 11. Bb5 a6 12. Bxc6+ Nxc6 13. Nxc6 bxc6 14. Na4 Bd6
15. Rc1 Qh4 16. f4 O-O 17. b3 Ba3 18. Rb1 Qf6 19. Nb6 Ra7 20. Qd2 Qg6 21. b4 a5
22. bxa5 Bxc2 23. Rbc1 Bxc1 24. Rxc1 Be4 25. Rxc6 Ra6 26. Rc5 Rb8 27. h3 Kh7 28.
Kh2 Bb1 29. Nd7 Rd8 30. Ne5 Qf5 31. Qc3 f6 32. Nc6 Rda8 33. Qb2 Be4 34. Qb7 Qg6
35. g3 Bf3 36. Qb2 Qd3 37. Bf2 Be4 38. Rc3 Qf1 0-1

[Event "PRO League Central 2017"]
[Site "chess.com INT"]
[Date "2017.01.25"]
[Round "3"]
[White "Bacrot, Alexandre"]
[Black "Admiraal, Miguoel"]
[Result "0-1"]
[BlackTitle "IM"]
[WhiteElo "2099"]
[BlackElo "2441"]
[WhiteTeam "Marseille Migraines"]
[BlackTeam "Amsterdam Mosquitos"]
[WhiteFideId "26076837"]
[BlackFideId "1019716"]
[EventDate "2017.01.11"]

1. e4 c5 2. Nf3 e6 3. d3 Nc6 4. Nbd2 g6 5. g3 Bg7 6. Bg2 Nge7 7. O-O O-O 8. Re1
d6 9. c3 Rb8 10. h4 h6 11. Nf1 b5 12. Be3 b4 13. Qd2 bxc3 14. bxc3 Kh7 15. Qc2
Qa5 16. Bd2 Ba6 17. Ne3 Ne5 18. Nxe5 dxe5 19. f4 exf4 20. gxf4 Rfd8 21. Bf1 Qc7
22. Nd1 e5 23. Nf2 exf4 24. h5 f3 25. Nh1 Qd7 26. Nf2 Qd6 27. Be3 Qg3+ 28. Kh1
Be5 0-1

[Event "PRO League Central 2017"]
[Site "chess.com INT"]
[Date "2017.01.25"]
[Round "3"]
[White "Bacrot, Alexandre"]
[Black "Admiraal, Miguoel"]
[Result "1/2-1/2"]
[BlackTitle "IM"]
[WhiteElo "2099"]
[BlackElo "2441"]
[WhiteTeam "Marseille Migraines"]
[BlackTeam "Amsterdam Mosquitos"]
[WhiteFideId "26076837"]
[BlackFideId "1019716"]
[EventDate "2017.01.11"]

1. e4 c6 2. d4 d5 3. e5 Bf5 4. Nf3 e6 5. Be3 Ne7 6. Nbd2 Bg6 7. h4 Bh5 8. Be2
Nd7 9. c3 c5 10. dxc5 Nc6 11. b4 Be7 12. Bf4 a5 13. a3 Qc7 14. Bg3 O-O 15. O-O
Qd8 16. Re1 f5 17. exf6 Bxf6 18. Qb3 Kh8 19. Rac1 b6 20. cxb6 Nxb6 21. Bb5 Na7
22. bxa5 Nd7 23. Bd3 Nc5 24. Qc2 Nxd3 25. Qxd3 Bg6 26. Qe2 Qxa5 27. Qxe6 Qxa3
28. Ne5 Rae8 29. Nxg6+ hxg6 30. Qxe8 Rxe8 31. Rxe8+ Kh7 32. Rb1 Nc6 33. Rb6 Qxc3
34. Kh2 Qxd2 35. Rxc6 g5 36. h5 g4 37. Rcc8 Kh6 38. Rh8+ Kg5 39. Rcg8 Qe2 40. h6
Kg6 41. h7 Qd2 42. Re8 Qh6+ 43. Kg1 Qc1+ 44. Kh2 Qh6+ 45. Kg1 d4 46. Re1 d3 47.
Rd1 d2 48. Re8 Kxh7 49. Re2 Bc3 50. Be5 Bxe5 51. Rxe5 Qc6 52. Re2 Qc2 53. Rexd2
Qc4 54. Rd4 Qc8 55. Re1 Qf5 56. Ree4 g3 57. Rh4+ Kg8 58. fxg3 Qb1+ 59. Kh2 Qb5
60. Rdg4 Qe5 61. Rg6 Kf7 62. Rhg4 Qh5+ 63. Kg1 Qc5+ 64. Kh2 Qh5+ 65. Kg1 Qc5+
66. Kh2 Qh5+ 67. Kg1 Qc5+ 68. Kh2 Qh5+ 69. Kg1 Qc5+ 70. Kh2 1/2-1/2

[Event "PRO League Central 2017"]
[Site "chess.com INT"]
[Date "2017.01.25"]
[Round "3"]
[White "Karlsson, Bjorn-Ivar"]
[Black "Makaj, Marko"]
[Result "0-1"]
[WhiteTitle "FM"]
[BlackTitle "FM"]
[WhiteElo "2315"]
[BlackElo "2332"]
[WhiteTeam "Reykjavik Puffins"]
[BlackTeam "Abuja RockStars"]
[WhiteFideId "2301687"]
[BlackFideId "14508141"]
[EventDate "2017.01.11"]

1. e4 c5 2. c3 d5 3. exd5 Qxd5 4. d4 Nc6 5. Nf3 Bg4 6. Be2 cxd4 7. cxd4 e6 8.
Nc3 Qa5 9. h3 Bh5 10. O-O Nf6 11. Qb3 Qb4 12. Bf4 Rd8 13. Rfd1 a6 14. Rac1 Qxb3
15. axb3 Bd6 16. Bg5 Nb4 17. g4 Bg6 18. Ne5 Bc2 19. Rd2 Bxb3 20. Bf3 Bxe5 21.
dxe5 Rxd2 22. Bxd2 Nd7 23. Nd5 Nc6 24. Nc7+ Kd8 25. Nxa6 Ndxe5 26. Bxc6 bxc6 27.
Ba5+ Kc8 28. f4 Nf3+ 29. Kf2 Nd4 30. Ke3 Nb5 31. Rxc6+ Kd7 32. Rb6 Bc4 33. Nc5+
Ke7 34. b3 Bf1 35. Kf2 Bxh3 36. Rxb5 Bxg4 37. Rb7+ Kf6 38. Bc3+ Kg6 39. b4 Rc8
40. Ke3 h5 41. Ra7 h4 42. Be1 h3 43. Bg3 Rc6 44. Bh2 Rb6 45. Nd3 f6 46. Ra5 Bf5
47. b5 Kh5 48. Nf2 Bg4 49. Bg3 Bf5 50. Kd4 Rd6+ 51. Kc3 Rd5 52. Kc4 g5 53. fxg5
Kxg5 54. Ra3 Rd2 55. b6 e5 56. b7 Rb2 57. Rb3 Be6+ 58. Kc5 Rxb3 59. Kc6 Bf5 60.
Kc7 e4 61. Nd1 Kg4 62. Bh2 Kf3 63. b8=Q Rxb8 64. Kxb8 e3 65. Nc3 Bd3 66. Kc7 e2
67. Nxe2 Bxe2 68. Kd6 f5 69. Ke5 Bd3 70. Kd4 Be4 71. Ke5 Kg2 0-1

[Event "PRO League Central 2017"]
[Site "chess.com INT"]
[Date "2017.01.25"]
[Round "3"]
[White "Karlsson, Bjorn-Ivar"]
[Black "Olape, Bunmi"]
[Result "1-0"]
[WhiteTitle "FM"]
[BlackTitle "IM"]
[WhiteElo "2315"]
[BlackElo "2165"]
[WhiteTeam "Reykjavik Puffins"]
[BlackTeam "Abuja Rockstars"]
[WhiteFideId "2301687"]
[BlackFideId "8500290"]
[EventDate "2017.01.11"]

1. e4 e5 2. Nf3 Nf6 3. Nxe5 d6 4. Nf3 Nxe4 5. Nc3 Nxc3 6. dxc3 Be7 7. Be3 O-O 8.
Qd2 d5 9. O-O-O c6 10. h4 Bg4 11. h5 Nd7 12. h6 g6 13. Be2 Bf6 14. Bd4 Re8 15.
Kb1 Bxd4 16. Qxd4 Qf6 17. Qxg4 Rxe2 18. Qxd7 Rxf2 19. Rhf1 Rxf1 20. Rxf1 b5 21.
a3 a5 22. Re1 Rf8 23. Re8 a4 24. Ka2 g5 25. Qc8 Qxh6 26. Nxg5 Rxe8 27. Qxe8+ 1-0